Economía Mundial /

Gardado en:
Detalles Bibliográficos
Autor Principal: Chossudovsky, Michel
Formato: Texto
Etiquetas: Engadir etiqueta
Sen Etiquetas, Sexa o primeiro en etiquetar este rexistro!

MARC

LEADER 00000 a a2200000 04500
001 17542
003
040
100 |a Chossudovsky, Michel  
245 |a Economía Mundial /  |c Michel Chossudovsky 
773 |g número 45; páginas 714-716  
999 |c 22241  |d 22241